Bulbul-lamah-kakhah? (Record no. 31797)

MARC details
000 -LEADER
fixed length control field 00588cam a22002171 4500
001 - CONTROL NUMBER
control field he 66001077
003 - CONTROL NUMBER IDENTIFIER
control field DLC
005 - DATE AND TIME OF LATEST TRANSACTION
control field 20260227111439.0
008 - FIXED-LENGTH DATA ELEMENTS--GENERAL INFORMATION
fixed length control field 870528s1966 is a j 000 0 hebr
010 ## - LIBRARY OF CONGRESS CONTROL NUMBER
LC control number he 66001077
035 ## - SYSTEM CONTROL NUMBER
System control number (OCoLC)15743566
040 ## - CATALOGING SOURCE
Original cataloging agency DLC
Transcribing agency TxU
Modifying agency TxU
-- DLC
042 ## - AUTHENTICATION CODE
Authentication code premarc
050 00 - LIBRARY OF CONGRESS CALL NUMBER
Classification number PZ90.H3
Item number H46
100 1# - MAIN ENTRY--PERSONAL NAME
Personal name Hilel, O.
245 10 - TITLE STATEMENT
Title Bulbul-lamah-kakhah?
Statement of responsibility, etc. ʻO. Hilel katav, Shemuel Kats tsiyer.
260 ## - PUBLICATION, DISTRIBUTION, ETC.
Place of publication, distribution, etc. [Tel-Aviv]
Name of publisher, distributor, etc. Masadah,
Date of publication, distribution, etc. 1966.
300 ## - PHYSICAL DESCRIPTION
Extent [36] p.
Other physical details col. illus.
Dimensions 24 x 26 cm.
500 ## - GENERAL NOTE
General note Vocalized.
500 ## - GENERAL NOTE
General note Poetry for children.

No items available.

Powered by Koha